ბათუმის შოთა რუსთაველის სახელმწიფო უნივერსიტეტის ბიბლიოთეკა

ვუახლოვდებით ევროპას? (ბიბ.ჩანაწერი № 64188)

000 -ლიდერი
ფიქსირებული სიგრძის საკონტროლო ველი 02038nam a22002777a 4500
003 - საკონტროლო ნომრის იდენტიფიკატორი
საკონტროლო ველი Ge_BSU
005 - ბოლო ოპერაციის თარიღი და დრო
საკონტროლო ველი 20260430140531.0
008 - ფიქსირებული სიგრძის მონაცემთა ელემენტები - ზოგადი ინფორმაცია
ფიქსირებული სიგრძის საკონტროლო ველი 260430s2010 ge ||||| |||| 00| 0 geo d
020 ## - წიგნის საერთაშორისო სტანდარტული ნომერი
International Standard Book Number 9789941913174
041 ## - ენის კოდი
Language code of text/sound track or separate title geo
080 ## - უნივერსალური ათობითი კლასიფიკაციის ინდექსი
Universal Decimal Classification number 338.2(479.2)+316.42(479.2) ვ-94
245 ## - ცნობა სათაურის შესახებ
Title ვუახლოვდებით ევროპას?
Remainder of title ეკონომიკური და სოციალური პოლიტიკა საქართველოში, სომხეთსა და აზერბაიჯანში : კრებული /
Statement of responsibility, etc ეკონ. პრობლემების კვლევის ცენტრი, ფრიდრიხ ებერტის ფონდი ; რედ. ეკატერინე ჯორბენაძე].
264 ## - წარმოების, გამოცემის, დისტრიბუციის და სხვა ცნობები
გამოცემის, წარმოების, დისტრიბუციის... ადგილი თბ.,
გამოცემის, წარმოების, დისტრიბუციის... თარიღი 2010.
300 ## - ფიზიკური აღწერა
Extent 392გვ. :
Other physical details გრაფ., ცხრ. ;
Dimensions 20სმ.
500 ## - ზოგადი შენიშვნა
General note ბიბლიოგრ. ტექსტ. შენიშვნ.
653 ## - INDEX TERM--UNCONTROLLED
Uncontrolled term ამიერკავკასიის რესპუბლიკების ეკონომიკური პოლიტიკა
653 ## - INDEX TERM--UNCONTROLLED
Uncontrolled term ამიერკავკასიის რესპუბლიკების სოციალური პოლიტიკა
700 ## - ADDED ENTRY--PERSONAL NAME
Personal name ბუში, კლაუს
Relator term ავტორი
9 (RLIN) 27390
700 ## - ADDED ENTRY--PERSONAL NAME
Personal name ჰაკერი, ბიორნ
Relator term ავტორი
9 (RLIN) 27391
700 ## - ADDED ENTRY--PERSONAL NAME
Personal name სეკარევი, ალექსეი
Relator term ავტორი
9 (RLIN) 27392
700 ## - ADDED ENTRY--PERSONAL NAME
Personal name ხადური, ნოდარ
Relator term ავტორი
9 (RLIN) 27393
700 ## - ADDED ENTRY--PERSONAL NAME
Personal name ტევანიანი, ანდრანიკ და სხვ.
Relator term ავტორი
9 (RLIN) 27394
700 ## - ADDED ENTRY--PERSONAL NAME
Personal name ჯორბენაძე, ეკატერინე
Relator term რედაქტორი
9 (RLIN) 27395
710 ## - ADDED ENTRY--CORPORATE NAME
Corporate name or jurisdiction name as entry element ეკონ. პრობლემების კვლევის ცენტრი.
Subordinate unit ფრიდრიხ ებერტის ფონდი
9 (RLIN) 2170
942 ## - ADDED ENTRY ELEMENTS (KOHA)
Source of classification or shelving scheme
Koha item type წიგნი
ეგზემპლარები
ჩამოწერის სტატუსი დაკარგული ეგზემპლარის სტატუსი კლასიფიკაციის წყარო ან თაროზე გაწყობის სქემა დაზიანების სტატუსი არ გაიცემა მუდმივი მდებარეობა (დაცვის ადგილი) ამჟამინდელი ადგილსამყოფელი თაროზე განთავსების ადგილი შეძენის თარიღი ღირებულება, შესყიდვის ნორმალური ფასი სრული შენახვის შიფრი შტრიხკოდი ბოლო ოპერაციის თარიღი ეგზემპლარის მიმდევრობითი ნომერი (კეტერი?) ფასის ძალაში შესვლის თარიღი ეგზემპლარის სახეობა საჯარო შენიშვნა
          ბათუმის შოთა რუსთაველის სახელმწიფო უნივერსიტეტის მთავარი ბიბლიოთეკა ბათუმის შოთა რუსთაველის სახელმწიფო უნივერსიტეტის მთავარი ბიბლიოთეკა წიგნსაცავი 2026-04-30 15.00 338.2(479.2) ვ-94 74422 2026-04-30 74422 2026-04-30 წიგნი 15 ლ.